| 000 | 00627nam a2200229 a 4500 | ||
|---|---|---|---|
| 005 | 20210219153030.0 | ||
| 008 | 991125n 000 0 spa u | ||
| 035 | _aUPN01000073757 | ||
| 100 | 1 | _aPérez Pérez, Carmen | |
| 222 | _aANALES DE PEDAGOGIA | ||
| 245 | _aLa educación en la región de murcia al inicio de la década de los ochenta | ||
| 260 | _aEspaña | ||
| 300 | _a115-129 | ||
| 362 | 0 | _a1986 No. 4 | |
| 653 | 0 | _aESTADISTICA EDUCATIVA | |
| 653 | 0 | _aMURCIA, ESPAÑA | |
| 653 | 0 | _aSISTEMA EDUCATIVO | |
| 700 | 1 | _aSánchez Vera, Pedro, | |
| 700 | 1 | _ecouat. | |
| 904 |
_aAC _b011568 |
||
| 905 | _aArticulo | ||
| 999 |
_c66567 _d66567 |
||